| 000 | 00426nam a2200133Ia 4500 | ||
|---|---|---|---|
| 008 | 170419s9999 xx 000 0 und d | ||
| 100 | _aManeval, Rhonda E. | ||
| 245 | _a"Nursing students assaulted": considering student safety in community-focused experiences | ||
| 245 | _cRhonda E. Maneval & Jane Kurz | ||
| 260 | _bElsevier | ||
| 260 | _c2016 | ||
| 300 | _aMay/June 2016 | ||
| 440 |
_aJournal of Profesional Nursing _v32:3 |
||
| 999 |
_c329525 _d329525 |
||